| 000 | 00672cam a22002413a 4500 | ||
|---|---|---|---|
| 001 | 465 | ||
| 003 | PGUSA | ||
| 005 | 20140828082948.0 | ||
| 008 | 960301s1996||||xxu|||||s|||||000 | eng d | ||
| 040 |
_aPGUSA _beng |
||
| 042 | _adc | ||
| 050 | 4 | _aPS | |
| 100 | 1 |
_aWhite, Stewart Edward, _d1873-1946 |
|
| 245 | 1 | 4 |
_aThe Mountains _h[electronic resource] / _cStewart Edward White |
| 260 |
_bProject Gutenberg, _c1996 |
||
| 506 | _aPublic domain in the USA. | ||
| 516 | _aElectronic text | ||
| 653 | _aOutdoor life | ||
| 653 | _aCalifornia -- Description and travel | ||
| 830 | 0 |
_aProject Gutenberg _v465 |
|
| 856 | 4 | 0 | _uhttp://www.gutenberg.org/ebooks/465 |
| 942 | _cEB | ||
| 999 |
_c229816 _d229816 |
||